[Event "Getxo op 3rd"]
[Site "Getxo"]
[Date "2018.09.13"]
[Round "7"]
[White "Domingo Nunez, Alejandro"]
[Black "Ruiz Gomez, Alejandro"]
[Result "0-1"]
[WhiteElo "2371"]
[BlackElo "2362"]
[PlyCount "58"]
[EventDate "2018.09.08"]
[EventType "swiss"]
[EventRounds "9"]
[EventCountry "ESP"]
[SourceTitle "EXT 2020"]
[Source "ChessBase"]
[SourceDate "2019.10.17"]
[SourceVersion "1"]
[SourceVersionDate "2019.10.17"]
[SourceQuality "1"]

1. e4 c6 2. Nf3 d5 3. Nc3 Bg4 4. h3 Bxf3 5. Qxf3 e6 6. d3 Nd7 7. Bd2 Qb6 8. 0-0-0 Bd6 9. g3 Ne7 10. Qg2 d4 11. Ne2 Bb4 12. Bxb4 Qxb4 13. f4 0-0-0 14. Qf2 Nc5 15. a3 Qb6 16. g4 f6 17. h4 Rhf8 18. Bh3 Kb8 19. Rhg1 a5 20. f5 e5 21. g5 Nc8 22. gxf6 gxf6 23. Rg7 Nd6 24. Rdg1 Ndxe4 25. Qf3 Nd6 26. Rxh7 e4 27. dxe4 Nc4 28. b3 d3 29. Qg3+ Ka8 0-1

[Event "Getxo op 3rd"]
[Site "Getxo"]
[Date "2018.09.09"]
[Round "3"]
[White "Ruiz Gomez, Alejandro"]
[Black "Fernandez, Maria Florencia"]
[Result "0-1"]
[WhiteElo "2362"]
[BlackElo "2219"]
[PlyCount "54"]
[EventDate "2018.09.08"]
[EventType "swiss"]
[EventRounds "9"]
[EventCountry "ESP"]
[SourceTitle "EXT 2020"]
[Source "ChessBase"]
[SourceDate "2019.10.17"]
[SourceVersion "1"]
[SourceVersionDate "2019.10.17"]
[SourceQuality "1"]

1. e4 e6 2. d4 d5 3. e5 c5 4. c3 Nc6 5. Nf3 Qb6 6. Be2 Nh6 7. Na3 cxd4 8. cxd4 Bb4+ 9. Kf1 Nf5 10. Nc2 Be7 11. Rb1 0-0 12. h4 h5 13. Bg5 f6 14. exf6 Bxf6 15. Bxf6 Rxf6 16. g3 Bd7 17. Kg2 Raf8 18. Rf1 Be8 19. b4 Bg6 20. Rb3 Nd6 21. Nfe1 Nb5 22. Bxh5 Ncxd4 23. Nxd4 Qxd4 24. Bf3 Be4 25. Qe2 Rxf3 26. Rxf3 Qc4 27. Qe3 Nd4 0-1

[Event "Getxo op 1st"]
[Site "Getxo"]
[Date "2016.09.11"]
[Round "3.8"]
[White "Perez Descalzo, Gorka"]
[Black "Ruiz Gomez, Alejandro"]
[Result "0-1"]
[WhiteElo "1983"]
[BlackElo "2347"]
[PlyCount "64"]
[EventDate "2016.09.10"]
[EventType "swiss"]
[EventCountry "ESP"]
[SourceTitle "EXT 2024"]
[Source "ChessBase"]
[SourceDate "2023.10.10"]
[SourceVersion "1"]
[SourceVersionDate "2023.10.10"]
[SourceQuality "1"]

1. e4 c5 2. Nf3 Nc6 3. d4 cxd4 4. Nxd4 e5 5. Nb5 d6 6. N1c3 a6 7. Na3 b5 8. Nd5 Nge7 9. c4 Nd4 10. Be3 Nxd5 11. exd5 Nf5 12. Bd2 Be7 13. cxb5 0-0 14. Bd3 Bf6 15. Bc3 e4 16. Be2 Bxc3+ 17. bxc3 Qa5 18. Nc2 Qxc3+ 19. Qd2 Qe5 20. 0-0 axb5 21. Bxb5 Bb7 22. Rfd1 Rfc8 23. Nb4 Rc5 24. Bc6 Ra7 25. a4 Ba6 26. Rdb1 h6 27. Bb5 Bxb5 28. axb5 Rxb5 29. Nc6 Rxb1+ 30. Rxb1 Ra1 31. Qd1 Rxb1 32. Qxb1 Qxd5 0-1

[Event "Euskadi-ch"]
[Site "Zornotza"]
[Date "2015.04.07"]
[Round "2"]
[White "Ruiz Gomez, Alejandro"]
[Black "Argandona Riveiro, Inigo"]
[Result "1-0"]
[WhiteElo "2397"]
[BlackElo "2427"]
[PlyCount "129"]
[EventDate "2015.04.06"]
[EventType "swiss"]
[EventRounds "7"]
[EventCountry "ESP"]
[SourceTitle "EXT 2018"]
[Source "ChessBase"]
[SourceDate "2017.10.13"]
[SourceVersion "1"]
[SourceVersionDate "2017.10.13"]
[SourceQuality "1"]

1. d4 c5 2. d5 e5 3. Nc3 d6 4. e4 Be7 5. Nf3 a6 6. Be2 b5 7. a4 b4 8. Nb1 Nf6 9. Nbd2 Nbd7 10. 0-0 Nf8 11. Re1 Ng6 12. Bf1 h5 13. Nc4 a5 14. c3 h4 15. cxb4 cxb4 16. h3 Ba6 17. Nh2 Kf8 18. Ng4 Ne8 19. Be3 Bg5 20. Rc1 Bf4 21. Qf3 Bxc4 22. Rxc4 Qg5 23. Rec1 Bxe3 24. fxe3 Ne7 25. Be2 g6 26. Rf1 Rh7 27. Bd3 Rd8 28. Rc2 Rg7 29. Kh1 Rb8 30. b3 Rd8 31. Rcf2 Rc8 32. Bb5 f5 33. exf5 gxf5 34. Bd7 Rc3 35. Qe2 Rf7 36. Be6 Ng7 37. Bxf7 Kxf7 38. e4 f4 39. Qa6 Kg6 40. Re1 Nh5 41. Qxa5 Ng3+ 42. Kh2 Nxe4 43. Qxb4 Rxh3+ 44. gxh3 Nxf2 45. Nxf2 Qg3+ 46. Kh1 Qxf2 47. Qe4+ Kf6 48. Qe2 Qg3 49. Rg1 Nf5 50. Qg4 Qxg4 51. hxg4 Ne3 52. a5 f3 53. a6 Nxd5 54. a7 Nb6 55. Rc1 Kg5 56. Rc6 Na8 57. Rc8 Nb6 58. Rb8 h3 59. Kh2 Kxg4 60. Rxb6 f2 61. a8Q f1Q 62. Rb4+ Kg5 63. Qg8+ Kh5 64. Qg4+ Kh6 65. Qxh3+ 1-0

[Event "Mondragon op 13th"]
[Site "Mondragon"]
[Date "2013.12.28"]
[Round "4"]
[White "Franco Alonso, Alejandro"]
[Black "Ruiz Gomez, Alejandro"]
[Result "1-0"]
[WhiteElo "2485"]
[BlackElo "2409"]
[PlyCount "69"]
[EventDate "2013.12.26"]
[EventType "swiss"]
[EventRounds "6"]
[EventCountry "ESP"]
[SourceTitle "CBM 158 Extra"]
[Source "ChessBase"]
[SourceDate "2014.02.28"]
[SourceVersion "1"]
[SourceVersionDate "2014.02.28"]
[SourceQuality "1"]

1. d4 Nf6 2. c4 e6 3. Nc3 Bb4 4. e3 Ne4 5. Qc2 f5 6. Bd3 0-0 7. Nge2 Nc6 8. a3 Bxc3+ 9. Nxc3 Nxc3 10. Qxc3 Qf6 11. b4 e5 12. d5 Ne7 13. Bb2 d6 14. f4 e4 15. Qxf6 gxf6 16. Be2 Bd7 17. Bc3 Kf7 18. Bh5+ Ng6 19. a4 Ke7 20. Kf2 Rfc8 21. Rhd1 c6 22. dxc6 bxc6 23. Be2 Be6 24. h3 Nf8 25. g4 Nd7 26. a5 d5 27. cxd5 cxd5 28. Bd4 Kd6 29. Rdc1 Rxc1 30. Rxc1 a6 31. Kg3 Nb8 32. Bxf6 Nc6 33. Bc3 Ra7 34. g5 Rc7 35. Be5+ 1-0

[Event "Mondragon op 13th"]
[Site "Mondragon"]
[Date "2013.12.28"]
[Round "3"]
[White "Iruzubieta Villaluenga, Jesus Maria"]
[Black "Ruiz Gomez, Alejandro"]
[Result "1/2-1/2"]
[WhiteElo "2412"]
[BlackElo "2409"]
[PlyCount "82"]
[EventDate "2013.12.26"]
[EventType "swiss"]
[EventRounds "6"]
[EventCountry "ESP"]
[SourceTitle "CBM 158 Extra"]
[Source "ChessBase"]
[SourceDate "2014.02.28"]
[SourceVersion "1"]
[SourceVersionDate "2014.02.28"]
[SourceQuality "1"]

1. c4 e5 2. Nc3 Nf6 3. Nf3 Nc6 4. e3 Bb4 5. Qc2 d6 6. a3 Bxc3 7. Qxc3 a5 8. b3 0-0 9. Be2 Re8 10. d3 h6 11. 0-0 Bg4 12. Bb2 Qe7 13. Rfe1 Nd8 14. b4 a4 15. Rac1 b6 16. h3 Bh5 17. Ba1 Ne6 18. Qc2 Ng5 19. Nxg5 hxg5 20. g4 Bg6 21. Bf1 e4 22. dxe4 Bxe4 23. Qc3 Qf8 24. c5 bxc5 25. bxc5 Nd7 26. cxd6 cxd6 27. Bg2 Nc5 28. Rcd1 Bxg2 29. Kxg2 Rab8 30. Rd5 Rb3 31. Qc4 Re4 32. Qc2 Qa8 33. Red1 Re6 34. Kg1 Ne4 35. Qc4 Rxa3 36. Qd4 Nf6 37. Rxd6 Rxd6 38. Qxd6 Qf3 39. Bxf6 gxf6 40. Rc1 Ra2 41. Qg3 Qxg3+ 1/2-1/2

[Event "Euskadi-chT Div Honor"]
[Site "Bergara"]
[Date "2013.01.12"]
[Round "1"]
[White "Ruiz Gomez, Alejandro"]
[Black "Salgado Lopez, Ivan"]
[Result "1-0"]
[WhiteElo "2397"]
[BlackElo "2606"]
[PlyCount "113"]
[EventDate "2013.01.12"]
[EventType "team"]
[EventRounds "9"]
[EventCountry "ESP"]
[SourceTitle "EXT 2015"]
[Source "ChessBase"]
[SourceDate "2014.11.20"]
[SourceVersion "1"]
[SourceVersionDate "2014.11.20"]
[SourceQuality "1"]

1. d4 e6 2. e4 d5 3. Nc3 Nf6 4. e5 Nfd7 5. f4 c5 6. Nf3 Nc6 7. Be3 Be7 8. Be2 a6 9. 0-0 0-0 10. Qe1 b5 11. Qf2 b4 12. Na4 cxd4 13. Nxd4 Bb7 14. b3 g6 15. Bd3 Qc7 16. Rae1 Nxd4 17. Bxd4 Bc6 18. Nb6 Nxb6 19. Bxb6 Qb7 20. Bd4 Bb5 21. g4 Bxd3 22. cxd3 Qd7 23. f5 exf5 24. gxf5 Qxf5 25. Qxf5 gxf5 26. Rxf5 Rac8 27. Re2 Rc6 28. Ref2 Rg6+ 29. Kf1 Rg4 30. Be3 Kg7 31. Rc2 Re8 32. Rc7 h6 33. Rd7 Kg6 34. Rf3 Bg5 35. h3 Rh4 36. Bxg5 Kxg5 37. Rxd5 Rf4 38. Kf2 Rxf3+ 39. Kxf3 Kf5 40. d4 Rc8 41. Rd7 Rc3+ 42. Kg2 Rc2+ 43. Kg3 Rxa2 44. Rxf7+ Ke4 45. Rd7 Rb2 46. Kg4 Rxb3 47. e6 Re3 48. e7 Kd3 49. d5 h5+ 50. Kxh5 Rxh3+ 51. Kg4 Re3 52. d6 b3 53. Rb7 Kc2 54. Kf4 Re6 55. d7 Rxe7 56. d8Q Rxb7 57. Qc8+ 1-0

[Event "Euskadi-chT (Vasca) Div Honor"]
[Site "Bergara"]
[Date "2012.03.10"]
[Round "9.1"]
[White "Ruiz Gomez, Alejandro"]
[Black "Diaz Herrero, Alvaro"]
[Result "1-0"]
[WhiteElo "2413"]
[BlackElo "2137"]
[PlyCount "75"]
[EventDate "2012.01.14"]
[EventType "team-tourn"]
[EventRounds "9"]
[EventCountry "ESP"]
[SourceTitle "EXT 2024"]
[Source "ChessBase"]
[SourceDate "2023.10.10"]
[SourceVersion "1"]
[SourceVersionDate "2023.10.10"]
[SourceQuality "1"]
[WhiteTeam "Ruta de Europa"]
[BlackTeam "Altzaga Leioa"]
[WhiteTeamCountry "ESP"]
[BlackTeamCountry "ESP"]

1. e4 d6 2. d4 e5 3. Ne2 exd4 4. Nxd4 Nf6 5. Nc3 Be7 6. Be2 0-0 7. g4 d5 8. e5 Ne4 9. Nxe4 dxe4 10. Bf4 Bc5 11. c3 Qe8 12. Qc2 Nc6 13. Qxe4 Bxd4 14. cxd4 f5 15. Bc4+ Kh8 16. Qe3 fxg4 17. Rc1 Be6 18. d5 Qf7 19. dxe6 Qxf4 20. Qxf4 Rxf4 21. Bd5 Nxe5 22. Rxc7 Nf3+ 23. Ke2 Nd4+ 24. Ke3 g5 25. Rhc1 Nf5+ 26. Ke2 Nd4+ 27. Kd3 Nf5 28. Be4 Rd8+ 29. Rd7 Re8 30. Rcc7 Rxf2 31. Rxh7+ Kg8 32. Rhf7 Rxe6 33. Rxf5 Rxf5 34. Bxf5 Rd6+ 35. Ke3 Rh6 36. Rc2 Rh3+ 37. Kd4 Rf3 38. Ke5 1-0

[Event "Euskadi-chT (Vasca) Div Honor"]
[Site "Bergara"]
[Date "2012.02.18"]
[Round "5"]
[White "Ruiz Gomez, Alejandro"]
[Black "Hamdouchi, Hicham"]
[Result "1/2-1/2"]
[WhiteElo "2413"]
[BlackElo "2613"]
[PlyCount "73"]
[EventDate "2012.01.14"]
[EventType "team-tourn"]
[EventRounds "9"]
[EventCountry "ESP"]
[SourceTitle "EXT 2024"]
[Source "ChessBase"]
[SourceDate "2023.10.10"]
[SourceVersion "1"]
[SourceVersionDate "2023.10.10"]
[SourceQuality "1"]
[WhiteTeam "Ruta de Europa"]
[BlackTeam "Gros Xake Taldea"]
[WhiteTeamCountry "ESP"]
[BlackTeamCountry "ESP"]

1. e4 c5 2. Nf3 d6 3. Bc4 Nf6 4. d3 g6 5. c3 Bg7 6. 0-0 0-0 7. Bb3 Nc6 8. Bg5 h6 9. Be3 e5 10. h3 Be6 11. Nbd2 Qe7 12. Bxe6 fxe6 13. d4 exd4 14. cxd4 Nd7 15. Nb3 c4 16. d5 cxb3 17. dxc6 bxc6 18. axb3 c5 19. Qd2 g5 20. Rfd1 Rxf3 21. gxf3 Ne5 22. Qxd6 Qf7 23. Bxc5 Kh7 24. b4 Nxf3+ 25. Kf1 Ne5 26. Ra3 Qg6 27. Re1 g4 28. hxg4 Nc4 29. Qd3 Nxa3 30. bxa3 Qxg4 31. e5+ Kh8 32. Re4 Qh5 33. Rd4 Qg5 34. Qe3 Qh5 35. Qd3 Qg5 36. Qe3 Qh5 37. Qd3 1/2-1/2

[Event "Basque-chT"]
[Site "Bergara"]
[Date "2012.01.14"]
[Round "1"]
[White "Ruiz Gomez, Alejandro"]
[Black "Astasio Lopez, David"]
[Result "0-1"]
[WhiteElo "2413"]
[BlackElo "2327"]
[PlyCount "92"]
[EventDate "2012.01.14"]
[EventType "team"]
[EventRounds "9"]
[EventCountry "ESP"]
[SourceTitle "EXT 2013"]
[Source "ChessBase"]
[SourceDate "2012.11.22"]
[SourceVersion "1"]
[SourceVersionDate "2012.11.22"]
[SourceQuality "1"]
[WhiteTeam "Ruta de Europa"]
[BlackTeam "San Viator"]
[WhiteTeamCountry "ESP"]
[BlackTeamCountry "ESP"]

1. e4 c5 2. Nf3 e6 3. c3 d5 4. e5 d4 5. Bd3 Nc6 6. 0-0 Nge7 7. Re1 b6 8. Be4 Bb7 9. d3 Qd7 10. Bf4 h6 11. h4 Nd5 12. Bg3 dxc3 13. bxc3 Rd8 14. Qc2 Be7 15. Nbd2 0-0 16. Nc4 b5 17. Nd6 Bxd6 18. exd6 Nf6 19. Rab1 a6 20. a4 Nxe4 21. dxe4 b4 22. e5 Rc8 23. Nd2 Na5 24. f3 b3 25. Nxb3 Qxa4 26. Nd4 Qd7 27. Ne2 c4 28. Nd4 Bd5 29. Rbd1 Nb3 30. Nf5 exf5 31. Rxd5 a5 32. h5 Kh7 33. Bf2 Rg8 34. Kf1 g6 35. hxg6+ Rxg6 36. g3 a4 37. Ke2 Ra8 38. Rb1 a3 39. Qa2 Qe6 40. Rb5 f6 41. f4 fxe5 42. Rxe5 Qxd6 43. Rxb3 Qd3+ 44. Ke1 cxb3 45. Qxb3 Rg7 46. Re2 a2 0-1

[Event "Euskadi-chT (Vasca) Div Honor"]
[Site "Bergara"]
[Date "2011.02.12"]
[Round "6.1"]
[White "Bauer, Christian"]
[Black "Ruiz Gomez, Alejandro"]
[Result "1-0"]
[WhiteElo "2633"]
[BlackElo "2376"]
[PlyCount "135"]
[EventDate "2011.01.08"]
[EventType "team-tourn"]
[EventRounds "9"]
[EventCountry "ESP"]
[SourceTitle "EXT 2024"]
[Source "ChessBase"]
[SourceDate "2023.10.10"]
[SourceVersion "1"]
[SourceVersionDate "2023.10.10"]
[SourceQuality "1"]

1. e4 c6 2. d3 d5 3. Qe2 g6 4. g3 Bg7 5. Nf3 Bg4 6. Nbd2 Nf6 7. Bg2 0-0 8. h3 Bxf3 9. Nxf3 e5 10. 0-0 Re8 11. c3 Nbd7 12. Rd1 Qc7 13. Qc2 a5 14. Be3 Nf8 15. a4 h6 16. b4 Ne6 17. Rab1 Nd7 18. Rdc1 axb4 19. cxb4 Qd6 20. Nd2 Bf8 21. a5 Nc7 22. Qb3 d4 23. Nc4 Qe6 24. Bd2 Nb5 25. h4 h5 26. Kh2 Nf6 27. f3 Nh7 28. Nb6 Qxb3 29. Rxb3 Ra6 30. Bh3 Bd6 31. Kg2 Nf8 32. f4 exf4 33. gxf4 Bc7 34. Na4 f5 35. Kf3 fxe4+ 36. dxe4 Bd6 37. Rg1 Kf7 38. Nb6 Bc7 39. Nc4 Raa8 40. Rd3 Re7 41. Be1 Rae8 42. e5 Rd8 43. Bf2 Bb8 44. a6 bxa6 45. Na5 Rc7 46. Rc1 Ne6 47. Nb3 c5 48. bxc5 Ba7 49. Ra1 Rc6 50. Bxe6+ Kxe6 51. Bxd4 Rb8 52. Be3 Ke7 53. Na5 Rc7 54. Rg1 Kf7 55. c6 Bxe3 56. Kxe3 Re8 57. Ke4 Ree7 58. Rc1 Ke6 59. Nb7 Kf7 60. Nd6+ Nxd6+ 61. Rxd6 a5 62. Rg1 a4 63. Rgxg6 Re8 64. Rdf6+ Ke7 65. Re6+ Kd8 66. Rxe8+ Kxe8 67. Rg8+ Kf7 68. Ra8 1-0

[Event "Euskadi-chT"]
[Site "Bergara"]
[Date "2010.01.30"]
[Round "4.1"]
[White "Ruiz Gomez, Alejandro"]
[Black "Franco Alonso, Alejandro"]
[Result "1-0"]
[WhiteElo "2357"]
[BlackElo "2472"]
[PlyCount "79"]
[EventDate "2010.01.09"]
[EventType "team-tourn"]
[EventRounds "9"]
[EventCountry "ESP"]
[SourceTitle "EXT 2011"]
[Source "ChessBase"]
[SourceDate "2010.11.26"]
[SourceVersion "1"]
[SourceVersionDate "2010.11.26"]
[SourceQuality "1"]

1. e4 c5 2. Nf3 e6 3. c3 Nf6 4. Bd3 Nc6 5. Bc2 b6 6. 0-0 Bb7 7. Re1 Be7 8. d4 cxd4 9. e5 Nd5 10. Nxd4 Nxd4 11. Qxd4 f5 12. c4 Bc5 13. Qd1 Qh4 14. Qe2 Nf4 15. Bxf4 Qxf4 16. Nd2 0-0 17. Nb3 Qg5 18. Qf1 Bb4 19. Red1 Rf7 20. a3 Bf8 21. Nd4 f4 22. Re1 Rc8 23. Be4 Ba6 24. Rac1 Kh8 25. Nf3 Qh5 26. b4 Rc7 27. Qd3 g5 28. h3 g4 29. hxg4 Qxg4 30. Nd2 Rg7 31. Bf3 Qh4 32. Ne4 Rg6 33. Nd6 Bxd6 34. exd6 Rh6 35. Kf1 Rc8 36. b5 Bxb5 37. g3 fxg3 38. cxb5 Rf8 39. Re4 Qf6 40. Rc3 1-0

[Event "Barakaldo Gurutzeta op 8th"]
[Site "Barakaldo"]
[Date "2008.05.17"]
[Round "1.7"]
[White "Mirzoev, Azer"]
[Black "Ruiz Gomez, Alejandro"]
[Result "1-0"]
[WhiteElo "2543"]
[BlackElo "2365"]
[PlyCount "82"]
[EventDate "2008.05.17"]
[EventType "swiss"]
[EventRounds "8"]
[EventCountry "ESP"]
[SourceTitle "EXT 2024"]
[Source "ChessBase"]
[SourceDate "2023.10.10"]
[SourceVersion "1"]
[SourceVersionDate "2023.10.10"]
[SourceQuality "1"]

1. d4 Nf6 2. Nf3 d6 3. c4 Nbd7 4. Nc3 e5 5. e4 Be7 6. Be2 0-0 7. 0-0 c6 8. Re1 Re8 9. Bf1 Qc7 10. Rb1 Bf8 11. b4 a6 12. dxe5 Nxe5 13. Nxe5 dxe5 14. c5 Be6 15. Qc2 a5 16. a3 axb4 17. axb4 Nd7 18. Be3 g6 19. h3 f5 20. f3 Nf6 21. Ra1 f4 22. Bf2 g5 23. Rxa8 Rxa8 24. Na4 Qf7 25. Nb6 Re8 26. Nc4 Nd7 27. Rd1 h5 28. Nd6 Bxd6 29. Rxd6 Nf8 30. b5 cxb5 31. Bxb5 Re7 32. Rd8 Kh7 33. c6 bxc6 34. Bxc6 Ng6 35. Bc5 g4 36. hxg4 hxg4 37. fxg4 Rc7 38. Bb6 Re7 39. Qe2 Qf6 40. Rd6 Nh4 41. Qf2 Ng6 1-0

[Event "Euskadi-ch"]
[Site "Zornotza"]
[Date "2008.03.30"]
[Round "7"]
[White "Ruiz Gomez, Alejandro"]
[Black "Nava Pereda, Carlos"]
[Result "1-0"]
[WhiteElo "2365"]
[BlackElo "2293"]
[PlyCount "65"]
[EventDate "2008.03.24"]
[EventType "swiss"]
[EventRounds "7"]
[EventCountry "ESP"]
[SourceTitle "CBM 123 Extra"]
[Source "ChessBase"]
[SourceDate "2008.05.06"]
[SourceVersion "1"]
[SourceVersionDate "2008.05.06"]
[SourceQuality "1"]

1. e4 Nc6 2. d4 d5 3. Nc3 e5 4. Bb5 dxe4 5. d5 a6 6. Ba4 b5 7. Nxb5 axb5 8. Bxb5 Nge7 9. dxc6 Qxd1+ 10. Kxd1 Nf5 11. Ne2 Bc5 12. Nc3 Nd6 13. Be3 Bd4 14. Be2 Be6 15. a4 0-0 16. Kc1 Rfb8 17. Rd1 Rb4 18. a5 Nf5 19. Bxd4 Nxd4 20. Bf1 f5 21. a6 f4 22. Ra5 Bc4 23. Nd5 Bxd5 24. Rxd5 e3 25. fxe3 fxe3 26. Rxe5 e2 27. Bxe2 Nxe2+ 28. Rxe2 Rxa6 29. Rd7 h5 30. Rxc7 Kh7 31. c3 Rbb6 32. Kc2 Ra7 33. Kd3 1-0

[Event "Euskadi-ch"]
[Site "Zornotza"]
[Date "2008.03.28"]
[Round "5"]
[White "Ruiz Gomez, Alejandro"]
[Black "Franco Alonso, Alejandro"]
[Result "0-1"]
[WhiteElo "2365"]
[BlackElo "2445"]
[PlyCount "124"]
[EventDate "2008.03.24"]
[EventType "swiss"]
[EventRounds "7"]
[EventCountry "ESP"]
[SourceTitle "CBM 123 Extra"]
[Source "ChessBase"]
[SourceDate "2008.05.06"]
[SourceVersion "1"]
[SourceVersionDate "2008.05.06"]
[SourceQuality "1"]

1. e4 c5 2. Nf3 e6 3. Nc3 d6 4. d4 cxd4 5. Nxd4 Nf6 6. g3 Nc6 7. Bg2 Bd7 8. Ndb5 Qb8 9. Bg5 a6 10. Bxf6 gxf6 11. Nd4 Qa7 12. Nce2 Qc5 13. c3 Ne5 14. a4 Be7 15. 0-0 0-0 16. Nf4 Kh8 17. Re1 b5 18. a5 b4 19. cxb4 Qxb4 20. Nf5 Bd8 21. Nxd6 Bc7 22. Nc4 Nxc4 23. Qxd7 Bxf4 24. gxf4 Nxa5 25. Qa4 Qxa4 26. Rxa4 Nb3 27. Re3 Rab8 28. Rxa6 Rfc8 29. Bf3 Nd2 30. Bh5 Rg8+ 31. Rg3 Nxe4 32. Bxf7 Nxg3 33. hxg3 Rgd8 34. Bxe6 Rxb2 35. Bf5 Rdd2 36. Ra8+ Kg7 37. Ra7+ Kf8 38. Ra8+ Ke7 39. Ra7+ Kd8 40. Rxh7 Rxf2 41. Rd7+ Ke8 42. Rd3 Rg2+ 43. Kf1 Rbf2+ 44. Ke1 Ra2 45. Kf1 Rgb2 46. Re3+ Kf8 47. Be4 Kg7 48. Bf5 Ra1+ 49. Re1 Ra3 50. Re2 Rxe2 51. Kxe2 Rxg3 52. Kf2 Ra3 53. Kg2 Kf7 54. Kf2 Ke7 55. Ke2 Kd6 56. Kf2 Kd5 57. Ke2 Kd4 58. Kf2 Ra5 59. Be6 f5 60. Kg3 Ke4 61. Bd7 Ra3+ 62. Kf2 Kxf4 0-1

[Event "Euskadi-ch"]
[Site "Zornotza"]
[Date "2008.03.24"]
[Round "1"]
[White "Diez Fraile, David"]
[Black "Ruiz Gomez, Alejandro"]
[Result "0-1"]
[WhiteElo "2150"]
[BlackElo "2365"]
[PlyCount "68"]
[EventDate "2008.03.24"]
[EventType "swiss"]
[EventRounds "7"]
[EventCountry "ESP"]
[SourceTitle "CBM 123 Extra"]
[Source "ChessBase"]
[SourceDate "2008.05.06"]
[SourceVersion "1"]
[SourceVersionDate "2008.05.06"]
[SourceQuality "1"]

1. e4 c5 2. Nf3 Nc6 3. d4 cxd4 4. Nxd4 e5 5. Nb5 d6 6. Be3 Be6 7. N1c3 a6 8. Na3 b5 9. Nd5 Rb8 10. Be2 Nf6 11. Bg5 Qa5+ 12. Bd2 Qd8 13. Bg5 Bxd5 14. exd5 Nd4 15. c3 Nxe2 16. Qxe2 Be7 17. Bxf6 Bxf6 18. Nc2 a5 19. 0-0 0-0 20. Rad1 g6 21. f4 b4 22. cxb4 exf4 23. Rxf4 Bxb2 24. Kh1 Be5 25. Re4 f5 26. Rc4 Re8 27. Qf2 Qd7 28. bxa5 Rb2 29. a4 Qb7 30. Qe1 Qb3 31. Qe2 Kf8 32. Rc7 Bc3 33. Qf2 Rxc2 34. Qg3 Qxd5 0-1

[Event "ESP-chT Premier North"]
[Site "Barcelona"]
[Date "2005.08.14"]
[Round "6"]
[White "Ruiz Gomez, Alejandro"]
[Black "Lopez Roca, Xavier"]
[Result "1-0"]
[WhiteElo "2333"]
[BlackElo "2098"]
[PlyCount "85"]
[EventDate "2005.08.01"]
[EventType "team"]
[EventRounds "6"]
[EventCountry "ESP"]
[SourceTitle "CBM 107 Extra"]
[Source "ChessBase"]
[SourceDate "2005.09.01"]
[SourceVersion "1"]
[SourceVersionDate "2005.09.01"]
[SourceQuality "1"]

1. Nf3 Nf6 2. c4 e6 3. g3 d5 4. Bg2 Be7 5. 0-0 0-0 6. b3 b6 7. Bb2 Bb7 8. e3 Nbd7 9. Qe2 Re8 10. Nc3 Bf8 11. d4 a6 12. Rad1 Qe7 13. Ne5 Rad8 14. f4 Ne4 15. Nxe4 dxe4 16. g4 Qh4 17. Bc3 Qe7 18. Qc2 Nxe5 19. fxe5 Qg5 20. Rf4 c5 21. Rdf1 Rd7 22. Bxe4 Bxe4 23. Qxe4 Qg6 24. Qxg6 hxg6 25. Ba1 Red8 26. g5 cxd4 27. exd4 a5 28. a4 Bb4 29. Kf2 Bd2 30. Rg4 Kf8 31. Ke2 Bb4 32. Rgf4 Re7 33. Rh4 Ke8 34. Rhf4 Rc8 35. Kd3 Rd8 36. Bb2 Red7 37. R4f3 Re7 38. Rh3 Rc8 39. Rh7 Kd7 40. Ke4 b5 41. axb5 a4 42. bxa4 Rxc4 43. Kd3 1-0

[Event "ESP-chT Premier North"]
[Site "Barcelona"]
[Date "2005.08.13"]
[Round "5"]
[White "Peralta, Fernando"]
[Black "Ruiz Gomez, Alejandro"]
[Result "1-0"]
[WhiteElo "2553"]
[BlackElo "2333"]
[PlyCount "83"]
[EventDate "2005.08.01"]
[EventType "team"]
[EventRounds "6"]
[EventCountry "ESP"]
[SourceTitle "CBM 107 Extra"]
[Source "ChessBase"]
[SourceDate "2005.09.01"]
[SourceVersion "1"]
[SourceVersionDate "2005.09.01"]
[SourceQuality "1"]

1. d4 Nf6 2. c4 c5 3. d5 a6 4. Nf3 b5 5. Qc2 d6 6. e4 g6 7. a4 b4 8. b3 Bg7 9. Bb2 0-0 10. Nbd2 e5 11. g3 Ra7 12. h3 Nh5 13. Nh4 Bh6 14. 0-0-0 f5 15. exf5 gxf5 16. Be2 Ng7 17. Kb1 Raf7 18. Ng2 f4 19. Bd3 fxg3 20. Bxh7+ Kh8 21. fxg3 Bxd2 22. Nh4 Bg5 23. Ng6+ Kxh7 24. Nxf8+ Kg8 25. Ne6 Qe7 26. Qg6 Bf6 27. Rhf1 Bxe6 28. dxe6 Qxe6 29. Qe4 Ra7 30. g4 Nd7 31. h4 Bxh4 32. Rh1 Bf6 33. Rdf1 Nf8 34. g5 Rf7 35. gxf6 Rxf6 36. Ka2 Rxf1 37. Rxf1 Ng6 38. Qa8+ Ne8 39. Qxa6 Nf4 40. Qb7 Qh6 41. Rg1+ Kh8 42. Rh1 1-0

[Event "Internet Section 17-A"]
[Site "Dos Hermanas"]
[Date "2003.03.17"]
[Round "3"]
[White "Alonso, Salvador"]
[Black "Ruiz Gomez, Alejandro"]
[Result "1-0"]
[WhiteElo "2443"]
[BlackElo "2348"]
[PlyCount "69"]
[EventDate "2003.03.17"]
[EventType "swiss (blitz)"]
[EventRounds "9"]
[EventCountry "ESP"]
[SourceTitle "EXT 2004"]
[Source "ChessBase"]
[SourceDate "2003.11.25"]
[SourceVersion "1"]
[SourceVersionDate "2003.11.25"]
[SourceQuality "1"]

1. Nf3 Nf6 2. d4 e6 3. c4 b6 4. g3 Ba6 5. Bg2 Bxc4 6. Nc3 c6 7. Ne5 Ba6 8. 0-0 Be7 9. Re1 0-0 10. e4 d5 11. exd5 cxd5 12. Bf4 Bb7 13. Rc1 Nbd7 14. Nb5 Nxe5 15. Bxe5 Ne8 16. Qg4 Bf6 17. Bf1 a6 18. Nc7 Bxe5 19. Nxe8 Bxd4 20. Nc7 Be5 21. Nxa8 Bb8 22. a4 Bxa8 23. Bxa6 Qd7 24. Bb5 Qd6 25. Red1 Qe5 26. b4 g6 27. Bc6 Bd6 28. a5 bxa5 29. bxa5 Bxc6 30. Rxc6 Ra8 31. a6 Bf8 32. Qa4 Qe2 33. Rdc1 h5 34. Rc8 Qxa6 35. Rxa8 1-0